000 00620 a2200181 4500
010 _aENG-85556
020 _c95.00
_a8178123436
035 _aEN-69089
037 _bD.B.Act / ven
082 1 4 _a615.535
090 _c2962
_d2962
245 1 _aReaders delight self help with naturopathy
260 _aNew Delhi
_bReader's Delight
_c2006
270 _a12-H, New Daryaganj Road, Opp. Traffic Kotwali
_bNew Delhi
_e110 002
_minfo@remeshpublishinghouse.com
300 _a176 p.
_c22 cm (Pbk.)
942 _adpl
_cEN
_k615.535 / REA
999 _c2905
_d2905